Jak dobrze znasz piosenkę "To co dał nam świat" Krzysztofa Krawczyka? - Statystyki

Ogólne statystyki
  • Ten quiz został rozwiązany 26 razy
  • Średni wynik to 13 z 21
Statystyki odpowiedzi
Tekst Brakujące słowo % Poprawnych
A los był z nami za pan ... brat
82%
To co dał nam świat to odeszło z biegiem ... lat
82%
Przed nami otwierał się ... świat
82%
Dobre chwile skradł niosąc w zamian ... zwykłych trosk bagaż
76%
To co dał nam świat ... zabrał los niespodzianie
76%
I ... nadziei przy nas był anioł
65%
Mieliśmy dla siebie tyle ... chwil
65%
Ty przyszłaś jak pierwsza ... noc letnia
65%
Że ... wziął to co dał los
65%
Nie chciałaś od życia ... brać wiele
65%
To giął ... do mych rąk gałęzie
59%
I wniosłaś ... w me dni pogodę
59%
Gdy owoc dojrzewał w ... twym sadzie
59%
Więc każdy odkryty ... ląd szczęścia
59%
A smutkom patrzyłaś sama w ... twarz
59%
Cóż wart jest dziś niewczesny ... żal
59%
Nie znałem przy tobie srogich ... zim
59%
Imieniem ... twym zwałem
59%
Gdy czasem przyszły ... tu
53%
Barwami ... nam mrok rozkwitał
47%
... dzieliłaś na pół Radości
41%
Nie znaleziono quizów pasujących do podanych kryteriów
Rozkład punktacji
Procent ludzi z każdym wynikiem
Percentyl według liczby udzielonych odpowiedzi
Twoja historia wyników
Nie rozwiązałeś tego quizu